[Event "XXXI C.to Italiano seniores"]
[Site "Arvier ITA"]
[Date "2009.04.29"]
[Round "6"]
[White "Quagliarella, Sabino Remo"]
[Black "Colombo, Paolo"]
[Result "1-0"]
[WhiteElo "1911"]
[BlackElo "2138"]
[PlyCount "133"]
[EventDate "2009.04.24"]

1. d4 Nf6 2. Nf3 d6 3. Nbd2 Nbd7 4. e4 e5 5. c3 Be7 6. Bd3 O-O 7. O-O c6 8. Re1
Qc7 9. Nf1 Re8 10. Bg5 Nf8 11. h3 Be6 12. Bh4 Rad8 13. Qe2 Nh5 14. Bg3 Ng6 15.
Ne3 Ngf4 16. Qf1 Nxd3 17. Qxd3 exd4 18. cxd4 Nxg3 19. fxg3 Bf6 20. Qa3 Qb6 21.
Rad1 c5 22. Nc2 cxd4 23. Ncxd4 Bd7 24. Kh2 Re7 25. b3 g6 26. Qc1 Rde8 27. Qf4
Kg7 28. a4 a6 29. Qe3 Qa5 30. Qd3 d5 31. e5 Bxe5 32. Rxe5 Rxe5 33. Nxe5 Rxe5
34. Nf3 Re4 35. Ng5 Re7 36. Qd4+ f6 37. Rf1 Re5 38. Nxh7 Kxh7 39. Rxf6 Rf5 40.
Qh4+ Kg7 41. Rd6 Qc7 42. Qe7+ Rf7 43. Qe5+ Kh7 44. Qxd5 Bc6 45. Qd4 Qe7 46. Rd8
Qf6 47. Qd2 Qf2 48. h4 Rf3 49. Rd7+ Bxd7 50. Qxd7+ Rf7 51. Qd5 Qf5 52. Qc4 Rd7
53. Qb4 Qd5 54. Qb6 Rd6 55. Qc7+ Kh6 56. Qe7 Re6 57. Qf8+ Kh5 58. Qh8+ Kg4 59.
Qc8 Qxb3 60. Qc7 Qe3 61. Qc4+ Qe4 62. Qc1 Qe3 63. Qc4+ Qe4 64. Qc1 Qd5 65. Qf4+
Kh5 66. Kh3 Qf5+ 67. g4+ 1-0

[Event "XXXI C.to Italiano seniores"]
[Site "Arvier ITA"]
[Date "2009.04.29"]
[Round "6"]
[White "Recubini, Dante"]
[Black "D'Aulisa, Francesco"]
[Result "0-1"]
[WhiteElo "1472"]
[BlackElo "1755"]
[PlyCount "60"]
[EventDate "2009.04.24"]

1. e4 d6 2. d4 e6 3. Nf3 h6 4. Nc3 a6 5. Bc4 Nd7 6. O-O Ne7 7. a3 b6 8. Re1 Bb7
9. h3 g5 10. Nh2 e5 11. d5 Ng6 12. Be2 Bc8 13. Bh5 Nf4 14. Bxf4 gxf4 15. Ng4
Qg5 16. Nh2 Nf6 17. Bf3 Bxh3 18. Ng4 Bxg4 19. Bxg4 Nxg4 20. Qf3 Rg8 21. Qh3 Nf6
22. Qf3 Qh4 23. Kf1 Qh1+ 24. Ke2 Qxg2 25. Qxg2 Rxg2 26. Kf3 Rg6 27. Ne2 O-O-O
28. Ng1 Be7 29. Ke2 Nxe4 30. Kd3 Nxf2+ 0-1

[Event "XXXI C.to Italiano seniores"]
[Site "Arvier ITA"]
[Date "2009.04.29"]
[Round "6"]
[White "Renzini, Lorenzo"]
[Black "Centofante, Maria Rosa"]
[Result "0-1"]
[WhiteElo "1812"]
[BlackElo "1603"]
[PlyCount "106"]
[EventDate "2009.04.24"]

1. c4 Nf6 2. Nc3 c6 3. Nf3 d5 4. cxd5 cxd5 5. d4 Nc6 6. e3 Bg4 7. Be2 e6 8. O-O
a6 9. a3 Bd6 10. b4 O-O 11. Nd2 Bxe2 12. Qxe2 Qc7 13. g3 e5 14. dxe5 Bxe5 15.
Bb2 Rfe8 16. Qf3 Rad8 17. Na4 Bxb2 18. Nxb2 b5 19. Rac1 Qd6 20. Nb3 Ne5 21. Qe2
Nc4 22. Rfd1 Nxa3 23. Nc5 Qb6 24. Nbd3 Nc4 25. Ra1 a5 26. bxa5 Nxa5 27. Qd2 Nc4
28. Qb4 Ra8 29. Nf4 Qc6 30. Ne2 h6 31. Nd4 Qb6 32. Qxb5 Qxb5 33. Nxb5 Rec8 34.
Nd3 Ra5 35. Rxa5 Nxa5 36. Nf4 Rc5 37. Nd4 Ne4 38. Nf5 Nc3 39. Rd3 Nc6 40. Kf1
Ne5 41. Rd2 Nf3 42. Rd4 Nxd4 43. exd4 Ra5 44. Kg2 Ra2 45. Kf3 Nd1 46. Nh3 Kf8
47. g4 Rd2 48. Kg3 f6 49. f3 Kf7 50. Nf4 Nc3 51. Kh3 Ne2 52. Nxd5 Nxd4 53. Nc3
Nxf3 0-1

[Event "XXXI C.to Italiano seniores"]
[Site "Arvier ITA"]
[Date "2009.04.29"]
[Round "6"]
[White "Rosino, Antonio"]
[Black "Pipitone, Antonio"]
[Result "0-1"]
[WhiteElo "2258"]
[BlackElo "2024"]
[PlyCount "70"]
[EventDate "2009.04.24"]

1. e4 c5 2. c3 Nf6 3. e5 Nd5 4. d4 cxd4 5. Nf3 Nc6 6. Bc4 Nb6 7. Bb3 d6 8. exd6
Qxd6 9. cxd4 e6 10. Nc3 Be7 11. O-O O-O 12. a3 a6 13. Bc2 Rd8 14. Be3 Nd5 15.
Qd3 g6 16. Ne4 Qc7 17. Rac1 e5 18. dxe5 Nf4 19. Bxf4 Rxd3 20. Bxd3 Be6 21. Bg3
Qb6 22. b4 Rd8 23. Rfd1 Nd4 24. Nxd4 Qxd4 25. Nd6 Qb2 26. Rc7 Bf8 27. Rxb7 Qxa3
28. Rb6 Qb3 29. Be2 Bc4 30. Bf3 Bb5 31. h3 Qxb4 32. Bd5 Bxd6 33. exd6 Qa4 34.
Bf3 Kg7 35. Re1 Qa5 0-1

[Event "XXXI C.to Italiano seniores"]
[Site "Arvier ITA"]
[Date "2009.04.29"]
[Round "6"]
[White "Schiappacasse, Marcello"]
[Black "Rotelli, Pietro"]
[Result "1-0"]
[WhiteElo "1920"]
[BlackElo "1970"]
[PlyCount "83"]
[EventDate "2009.04.24"]

1. e4 c6 2. d4 d5 3. Nd2 dxe4 4. Nxe4 Bf5 5. Ng3 Bg6 6. Bc4 e6 7. N1e2 Bd6 8.
Bf4 Nf6 9. c3 O-O 10. O-O Nd5 11. Qd2 Nxf4 12. Nxf4 Qg5 13. Nge2 b5 14. Bb3 a5
15. a3 a4 16. Ba2 Na6 17. Rad1 Be4 18. f3 Bd5 19. Nxd5 Qxd2 20. Ne7+ Bxe7 21.
Rxd2 Rad8 22. Rfd1 Rd7 23. Kf1 Rfd8 24. Ke1 Nc7 25. Bb1 Nd5 26. Be4 Bg5 27. Rd3
f5 28. Bxd5 exd5 29. f4 Bh4+ 30. g3 Bf6 31. Re3 Re7 32. Rxe7 Bxe7 33. Rd3 Kf7
34. Re3 Bd6 35. Nc1 Re8 36. Rxe8 Kxe8 37. Nd3 Ke7 38. Ke2 g6 39. h4 Ke6 40. Kf3
h5 41. Ne5 Kf6 42. Nxc6 1-0

[Event "XXXI C.to Italiano seniores"]
[Site "Arvier ITA"]
[Date "2009.04.29"]
[Round "6"]
[White "Tribuiani, Renato"]
[Black "Barlocco, Carlo"]
[Result "0-1"]
[WhiteElo "2078"]
[BlackElo "2131"]
[PlyCount "124"]
[EventDate "2009.04.24"]

1. e4 Nc6 2. d4 d6 3. Nf3 Nf6 4. Nc3 Bg4 5. Be2 e6 6. a3 Be7 7. Be3 d5 8. e5
Nd7 9. b4 O-O 10. Nd2 Bxe2 11. Nxe2 Qe8 12. O-O f6 13. f4 f5 14. Qb1 Nd8 15.
Qb3 b5 16. Qd3 Nb6 17. Nb3 Nc4 18. Nc5 Bxc5 19. dxc5 Nc6 20. Nd4 Nxd4 21. Bxd4
a5 22. Bc3 axb4 23. axb4 Qc6 24. Rxa8 Rxa8 25. g4 g6 26. gxf5 gxf5 27. Be1 Qe8
28. Qh3 c6 29. Bh4 Qh5 30. Rf3 Kf7 31. Bf6 Rg8+ 32. Kf2 Qxh3 33. Rxh3 Rg4 34.
Rxh7+ Kg6 35. Rg7+ Kh5 36. Bg5 Nd2 37. Rc7 Ne4+ 38. Kf3 Nxg5+ 39. fxg5 Rxb4 40.
Rxc6 Rc4 41. Rxe6 Kxg5 42. c6 Rc3+ 43. Ke2 Rxc2+ 44. Kd3 Rc4 45. Rd6 b4 46.
Rxd5 Rxc6 47. Rb5 Kf4 48. Rxb4+ Kxe5 49. Ke3 Rc2 50. Rb5+ Kf6 51. Kf4 Rc4+ 52.
Kf3 Kg5 53. Rb8 Rc3+ 54. Kg2 Kg4 55. Rb4+ f4 56. h3+ Kg5 57. h4+ Kg4 58. h5
Rc2+ 59. Kg1 Kg3 60. Kf1 f3 61. Rb1 Rh2 62. Kg1 f2+ 0-1

[Event "XXXI C.to Italiano seniores"]
[Site "Arvier ITA"]
[Date "2009.04.30"]
[Round "7"]
[White "Barlocco, Carlo"]
[Black "Pipitone, Antonio"]
[Result "1-0"]
[WhiteElo "2131"]
[BlackElo "2024"]
[PlyCount "91"]
[EventDate "2009.04.24"]

1. g3 d5 2. Bg2 e5 3. d3 Nc6 4. Nc3 Be6 5. e4 d4 6. Nce2 Bd6 7. f4 f6 8. Nf3
Nge7 9. O-O O-O 10. f5 Bf7 11. g4 g5 12. h4 h6 13. Kf2 Kg7 14. Ng3 Rh8 15. Rh1
Qd7 16. Bd2 Rag8 17. hxg5 hxg5 18. Qe2 Nb4 19. Be1 Qa4 20. Bxb4 Qxb4 21. Rhb1
c5 22. a3 Qa5 23. a4 Nc6 24. Nf1 Nb4 25. Rc1 Na2 26. Rcb1 Qxa4 27. b3 Qa6 28.
Rb2 Nc3 29. Rxa6 bxa6 30. Qe1 Rb8 31. N1d2 a5 32. Nb1 c4 33. Nxc3 Bb4 34. Qc1
Bxc3 35. Rb1 cxb3 36. cxb3 Bxb3 37. Nxe5 a4 38. Nc6 Rb7 39. e5 Rh2 40. Nd8 Rb6
41. Kg3 Rh8 42. Ne6+ Bxe6 43. Rxb6 axb6 44. fxe6 Re8 45. Bd5 b5 46. Qf1 1-0

[Event "XXXI C.to Italiano seniores"]
[Site "Arvier ITA"]
[Date "2009.04.30"]
[Round "7"]
[White "Beltrami, Nerio"]
[Black "Faraci, Antonino"]
[Result "0-1"]
[WhiteElo "2057"]
[BlackElo "2012"]
[PlyCount "55"]
[EventDate "2009.04.24"]

1. e4 c5 2. Nf3 d6 3. Bb5+ Bd7 4. Bxd7+ Nxd7 5. O-O Ngf6 6. d3 g6 7. b3 Bg7 8.
Bb2 O-O 9. Nbd2 e5 10. Nc4 Qe7 11. Ng5 Nh5 12. Nh3 b5 13. Ne3 Qh4 14. Nd5 f5
15. exf5 gxf5 16. f4 Bh6 17. Qf3 Rae8 18. Rae1 Rf7 19. Nc7 Rc8 20. Nxb5 Rg7 21.
Qd5+ Kh8 22. Ng5 Bxg5 23. fxg5 Qxg5 24. Nxd6 Rf8 25. Rxe5 Nxe5 26. Bxe5 Nf6 27.
Bxf6 Rxf6 28. Kh1 0-1

[Event "XXXI C.to Italiano seniores"]
[Site "Arvier ITA"]
[Date "2009.04.30"]
[Round "7"]
[White "Breidenbach, Heinz"]
[Black "Renzini, Lorenzo"]
[Result "1/2-1/2"]
[WhiteElo "1522"]
[BlackElo "1812"]
[PlyCount "120"]
[EventDate "2009.04.24"]

1. d4 Nf6 2. Nf3 d6 3. h3 g6 4. Bf4 e6 5. Nbd2 Bg7 6. Bh2 Nc6 7. e3 Bd7 8. c3
a6 9. Bd3 Na7 10. O-O O-O 11. Re1 Rc8 12. Bc2 Bc6 13. e4 Nd7 14. e5 d5 15. Rc1
b5 16. Nf1 Bb7 17. Qd2 c5 18. Bf4 cxd4 19. cxd4 Nc6 20. Bg5 Qa5 21. a3 Qxd2 22.
N1xd2 f6 23. exf6 Bxf6 24. Nb3 Bxg5 25. Nxg5 e5 26. dxe5 Ncxe5 27. Nd4 Rf4 28.
Ngf3 Nxf3+ 29. Nxf3 Rfc4 30. Re7 R4c7 31. Nd4 Nc5 32. Rce1 Kf8 33. Rxc7 Rxc7
34. b4 Kf7 35. bxc5 Rxc5 36. Bb3 Rc3 37. Re3 Rc1+ 38. Kh2 Rc8 39. Rd3 Rc5 40.
Nf3 Kf6 41. h4 h6 42. Rd2 a5 43. Rc2 Rxc2 44. Bxc2 Bc8 45. Nd4 Bd7 46. f4 g5
47. fxg5+ hxg5 48. hxg5+ Kxg5 49. Bd3 b4 50. axb4 axb4 51. Nf3+ Kf4 52. Bg6 Ke3
53. Kg1 d4 54. Ne5 Bb5 55. g4 d3 56. g5 b3 57. Ng4+ Kf4 58. Nf2 Ke3 59. Bf7 b2
60. Nd1+ Kf4 1/2-1/2

[Event "XXXI C.to Italiano seniores"]
[Site "Arvier ITA"]
[Date "2009.04.30"]
[Round "7"]
[White "Centofante, Maria Rosa"]
[Black "Giani, Franco"]
[Result "0-1"]
[WhiteElo "1603"]
[BlackElo "2004"]
[PlyCount "144"]
[EventDate "2009.04.24"]

1. d4 c5 2. d5 d6 3. Nf3 Nf6 4. c4 e5 5. Bg5 Be7 6. Nc3 h6 7. Bxf6 Bxf6 8. e4
O-O 9. Be2 a6 10. O-O Be7 11. Nd2 Nd7 12. f4 exf4 13. Rxf4 Bg5 14. Rf1 Ne5 15.
Nf3 Be3+ 16. Kh1 Ng6 17. Qe1 Bd7 18. Qg3 Bf4 19. Qf2 f5 20. g3 fxe4 21. Nxe4
Be5 22. Bd3 Bh3 23. Qd2 Bxf1 24. Rxf1 Ne7 25. Qg2 b5 26. Nxe5 Rxf1+ 27. Qxf1
dxe5 28. Nxc5 bxc4 29. Bxc4 Kh8 30. Ne6 Qd6 31. Qf7 Rg8 32. Qf3 a5 33. a3 a4
34. Qe4 Rb8 35. Qg2 Rc8 36. Qe4 Rb8 37. Qf3 Rc8 38. Qe4 Kg8 39. Qg4 g6 40. h4
Rxc4 41. Qxc4 Qxd5+ 42. Qxd5 Nxd5 43. Nc5 Nb6 44. Kg2 Kf8 45. Kf3 Ke7 46. Ke4
Kd6 47. Nd3 Nc4 48. g4 Nd2+ 49. Ke3 Nb3 50. Ke4 Nd2+ 51. Ke3 Nf1+ 52. Ke4 Ng3+
53. Ke3 Kd5 54. Nb4+ Kc4 55. Nd3 Nf1+ 56. Ke4 Ng3+ 57. Ke3 e4 58. Ne5+ Kb3 59.
Nxg6 Kxb2 60. g5 hxg5 61. hxg5 Kxa3 62. Ne5 Kb3 63. g6 a3 64. g7 Nf5+ 65. Kxe4
Nxg7 66. Nd3 Ne6 67. Nc1+ Kc3 68. Na2+ Kb2 69. Nb4 Kb3 70. Nd3 Kc3 71. Nc1 Nc5+
72. Ke3 Kb2 0-1

[Event "XXXI C.to Italiano seniores"]
[Site "Arvier ITA"]
[Date "2009.04.30"]
[Round "7"]
[White "Cesati Cassin, Giorgio"]
[Black "Recubini, Dante"]
[Result "1/2-1/2"]
[WhiteElo "1398"]
[BlackElo "1472"]
[PlyCount "77"]
[EventDate "2009.04.24"]

1. e4 e5 2. Nf3 Nc6 3. d4 exd4 4. Nxd4 Nge7 5. Bc4 Ne5 6. Bb3 g6 7. O-O Bg7 8.
Nf3 Nxf3+ 9. Qxf3 O-O 10. Nc3 c6 11. Be3 d6 12. Rad1 Qc7 13. Qe2 Be6 14. Bxe6
fxe6 15. Qd2 Rfd8 16. Bh6 e5 17. Bxg7 Kxg7 18. Qg5 Rf8 19. Rd3 h6 20. Qg4 Rf4
21. Qe2 a6 22. Rfd1 Rf6 23. Qe3 Nc8 24. Qg3 Nb6 25. b3 Raf8 26. Rf1 Nd7 27. Qe3
Nc5 28. Rd2 Ne6 29. Ne2 Nc5 30. c4 a5 31. f4 exf4 32. Nxf4 Qe7 33. Rd4 Kh7 34.
Rf3 g5 35. Nh5 Rxf3 36. gxf3 Qf7 37. Ng3 Qxf3 38. Qxf3 Rxf3 39. Rxd6 1/2-1/2

[Event "XXXI C.to Italiano seniores"]
[Site "Arvier ITA"]
[Date "2009.04.30"]
[Round "7"]
[White "Colombo, Paolo"]
[Black "Facchini, Roberto"]
[Result "1-0"]
[WhiteElo "2138"]
[BlackElo "1600"]
[PlyCount "51"]
[EventDate "2009.04.24"]

1. d4 Nf6 2. Nf3 b6 3. Nbd2 Bb7 4. g3 e6 5. Bg2 c5 6. c3 cxd4 7. cxd4 Bb4 8.
O-O Bxd2 9. Bxd2 Bxf3 10. Bxf3 Nc6 11. Qa4 Rc8 12. Rac1 Qc7 13. Bb4 Qb7 14. Bd6
Kd8 15. Rc2 Ne8 16. Ba3 d5 17. Rfc1 Kc7 18. e3 Nd6 19. Bxd6+ Kxd6 20. Be2 Ne7
21. Qb4+ Kd7 22. Bb5+ Nc6 23. Rxc6 Rxc6 24. Bxc6+ Qxc6 25. Rxc6 Kxc6 26. Qe7
1-0

[Event "XXXI C.to Italiano seniores"]
[Site "Arvier ITA"]
[Date "2009.04.30"]
[Round "7"]
[White "D'Aulisa, Francesco"]
[Black "Bellia, Mario"]
[Result "1-0"]
[WhiteElo "1755"]
[BlackElo "1377"]
[PlyCount "57"]
[EventDate "2009.04.24"]

1. e4 g6 2. Nf3 Bg7 3. d4 d6 4. h3 Nf6 5. Bd3 c6 6. Be3 Qc7 7. O-O O-O 8. Qd2
e5 9. Bh6 Nbd7 10. Bxg7 Kxg7 11. c3 h5 12. Nh4 Rh8 13. Na3 Nf8 14. f4 Qe7 15.
f5 N8h7 16. Nc4 Bd7 17. Rae1 Rae8 18. Rf2 b5 19. dxe5 dxe5 20. Ne3 Kg8 21. fxg6
Ng5 22. Nef5 Bxf5 23. Nxf5 Nxh3+ 24. gxh3 Qc5 25. Qg5 Nxe4 26. gxf7+ Kxf7 27.
Nd4+ Nxf2 28. Bg6+ Kf8 29. Qf6+ 1-0

[Event "XXXI C.to Italiano seniores"]
[Site "Arvier ITA"]
[Date "2009.04.30"]
[Round "7"]
[White "De Polzer, Manfredi"]
[Black "Lisandri, Luigi"]
[Result "1-0"]
[WhiteElo "1813"]
[BlackElo "1458"]
[PlyCount "87"]
[EventDate "2009.04.24"]

1. e4 Nc6 2. d4 e5 3. d5 Nce7 4. Bc4 d6 5. Nc3 a6 6. f4 Ng6 7. f5 Nh4 8. Qg4
Nxg2+ 9. Qxg2 Qh4+ 10. Qg3 Be7 11. Nf3 Qxg3+ 12. hxg3 Bf6 13. Be3 Bd7 14. g4
O-O-O 15. g5 Be7 16. Ba7 b5 17. Bd3 Kb7 18. Be3 Ra8 19. b4 Bd8 20. Ke2 Ne7 21.
a4 c6 22. Ra2 Bc7 23. axb5 cxb5 24. Kf2 f6 25. Kg3 Bb6 26. Nd1 Ng8 27. Bxb6
Kxb6 28. Ne3 h6 29. gxf6 Nxf6 30. c3 Rag8 31. Rah2 Be8 32. Ng5 h5 33. Be2 g6
34. Kh4 Ng4 35. Nxg4 hxg4+ 36. Kxg4 Rxh2 37. Rxh2 Bd7 38. Rh6 gxf5+ 39. exf5
Kc7 40. Bd3 Rg7 41. Kh4 Re7 42. Be4 Be8 43. f6 Rd7 44. Bf5 1-0

[Event "XXXI C.to Italiano seniores"]
[Site "Arvier ITA"]
[Date "2009.04.30"]
[Round "7"]
[White "Deiana, Giacomo"]
[Black "Piazza, Giacomo"]
[Result "0-1"]
[WhiteElo "1724"]
[BlackElo "1441"]
[PlyCount "34"]
[EventDate "2009.04.24"]

1. Nf3 Nf6 2. g3 e6 3. Bg2 Bc5 4. O-O a6 5. d4 Ba7 6. c4 Nc6 7. Nc3 O-O 8. e4
h6 9. e5 Nh7 10. h4 Ne7 11. Ne4 d5 12. Nf6+ Kh8 13. Nxh7 Kxh7 14. Ng5+ Kg8 15.
Nh3 dxc4 16. Qh5 Nf5 17. g4 Qxh4 0-1

[Event "XXXI C.to Italiano seniores"]
[Site "Arvier ITA"]
[Date "2009.04.30"]
[Round "7"]
[White "Di Cicco, Daniela"]
[Black "Cerusico, Carlo"]
[Result "1-0"]
[WhiteElo "1589"]
[BlackElo "1462"]
[PlyCount "101"]
[EventDate "2009.04.24"]

1. d4 Nf6 2. Nf3 g6 3. h3 Bg7 4. Bf4 O-O 5. e3 b6 6. Nbd2 Bb7 7. Bd3 d5 8. c3
Nbd7 9. Qc2 Re8 10. O-O a5 11. Rfe1 Ba6 12. e4 Bxd3 13. Qxd3 c5 14. e5 Nh5 15.
Bh2 Bh6 16. Nf1 Nf4 17. Bxf4 Bxf4 18. Re2 e6 19. Rae1 f6 20. exf6 Nxf6 21. Rxe6
Ne4 22. Rxe8+ Qxe8 23. N1d2 Bxd2 24. Nxd2 Qf8 25. Nxe4 dxe4 26. Rxe4 Qf5 27.
Re8+ Rxe8 28. Qxf5 Rf8 29. Qxf8+ Kxf8 30. dxc5 bxc5 31. Kf1 h6 32. Ke2 Ke7 33.
Ke3 Ke6 34. Ke4 g5 35. g4 a4 36. c4 Kd6 37. b3 axb3 38. axb3 Ke6 39. f4 gxf4
40. Kxf4 Kf6 41. h4 Kg6 42. h5+ Kg7 43. g5 hxg5+ 44. Kxg5 Kf7 45. Kf5 Ke7 46.
Ke5 Kd7 47. Kd5 Ke7 48. h6 Kf7 49. h7 Kg7 50. h8=Q+ Kxh8 51. Kxc5 1-0

[Event "XXXI C.to Italiano seniores"]
[Site "Arvier ITA"]
[Date "2009.04.30"]
[Round "7"]
[White "Di Terlizzi, Domenico"]
[Black "De Zaiacomo, Tonino"]
[Result "1/2-1/2"]
[WhiteElo "1688"]
[BlackElo "1787"]
[PlyCount "61"]
[EventDate "2009.04.24"]

1. d4 e5 2. Nc3 exd4 3. Qxd4 Nc6 4. Qd1 Bb4 5. Bd2 Nf6 6. a3 Be7 7. Nf3 h6 8.
h3 O-O 9. Bf4 a6 10. e3 d5 11. Bd3 Bd6 12. Bxd6 Qxd6 13. O-O Ne5 14. Nxe5 Qxe5
15. Qf3 Bd7 16. Rab1 c5 17. Rfc1 Bc6 18. Qf5 Qe7 19. Rd1 Rad8 20. Re1 c4 21.
Bf1 Rfe8 22. Ne2 Bd7 23. Qf4 Nh5 24. Qd4 Qd6 25. Red1 Nf6 26. Qf4 Qe7 27. Nc3
Bc6 28. Qd4 Ne4 29. Nxe4 dxe4 30. Qxc4 Rxd1 31. Rxd1 1/2-1/2

[Event "XXXI C.to Italiano seniores"]
[Site "Arvier ITA"]
[Date "2009.04.30"]
[Round "7"]
[White "Fisauli, Francesco"]
[Black "Priori, Luigi"]
[Result "1/2-1/2"]
[WhiteElo "1832"]
[BlackElo "1806"]
[PlyCount "42"]
[EventDate "2009.04.24"]

1. e4 e5 2. Nf3 Nc6 3. Bb5 d6 4. O-O Nge7 5. d3 Bd7 6. Bg5 f6 7. Be3 a6 8. Ba4
f5 9. Bg5 h6 10. Bxe7 Qxe7 11. Nc3 O-O-O 12. Nd5 Qe8 13. Re1 f4 14. c4 g5 15.
b4 Be6 16. Bxc6 Qxc6 17. a4 Bxd5 18. cxd5 Qb6 19. Qc2 Kb8 20. a5 Qb5 21. Rac1
Rh7 1/2-1/2

[Event "XXXI C.to Italiano seniores"]
[Site "Arvier ITA"]
[Date "2009.04.30"]
[Round "7"]
[White "Gardi, Giuseppe"]
[Black "Antonelli, Fabrizio"]
[Result "1/2-1/2"]
[WhiteElo "2008"]
[BlackElo "2024"]
[PlyCount "128"]
[EventDate "2009.04.24"]

1. d4 Nf6 2. Nf3 g6 3. Nc3 d5 4. Bf4 Bg7 5. e3 O-O 6. Be2 c6 7. h4 h5 8. Ne5
Nbd7 9. f3 Nxe5 10. Bxe5 Ne8 11. Bxg7 Nxg7 12. Qd2 f5 13. O-O-O b5 14. Rdg1 Qd6
15. g4 hxg4 16. fxg4 f4 17. Rf1 Ne6 18. Bd3 fxe3 19. Rxf8+ Nxf8 20. Qxe3 Bxg4
21. Qg5 b4 22. Qxg4 bxc3 23. Rg1 Qe6 24. Bf5 cxb2+ 25. Kb1 Qf6 26. Bxg6 Nxg6
27. Qxg6+ Qxg6 28. Rxg6+ Kf7 29. Rxc6 Rh8 30. Kxb2 Rxh4 31. c3 Rh8 32. Kb3 Rb8+
33. Ka4 Rb7 34. Ka5 Ke8 35. Rc5 e6 36. a4 Kd7 37. Ka6 Rb3 38. a5 Kd6 39. c4
dxc4 40. Rxc4 Kd5 41. Ra4 Kc6 42. Ra1 Kd5 43. Re1 Rb4 44. Re5+ Kd6 45. Kxa7
Rxd4 46. Rb5 Rc4 47. a6 Kc7 48. Rb7+ Kc8 49. Rb8+ Kc7 50. Re8 Rc6 51. Rh8 Rc3
52. Rh7+ Kc8 53. Kb6 Rb3+ 54. Kc6 Kb8 55. Re7 Rc3+ 56. Kb5 Rb3+ 57. Kc5 Rb1 58.
Kc6 Rc1+ 59. Kd6 Rd1+ 60. Ke5 Re1+ 61. Kf6 Rf1+ 62. Kg7 Rg1+ 63. Kf8 Rf1+ 64.
Ke8 Re1 1/2-1/2

[Event "XXXI C.to Italiano seniores"]
[Site "Arvier ITA"]
[Date "2009.04.30"]
[Round "7"]
[White "Jeanrenaud, Antonia"]
[Black "Brandi, Marcello"]
[Result "1-0"]
[WhiteElo "1455"]
[BlackElo "1381"]
[PlyCount "73"]
[EventDate "2009.04.24"]

1. e4 d5 2. e5 c5 3. c3 Nc6 4. Nf3 Bg4 5. Bb5 a6 6. Bxc6+ bxc6 7. d4 e6 8. Nbd2
Nh6 9. Qa4 Qb6 10. O-O Bxf3 11. Nxf3 Nf5 12. Rb1 Be7 13. dxc5 Bxc5 14. b4 Be7
15. Re1 O-O 16. Be3 Nxe3 17. Rxe3 Rfc8 18. a3 f6 19. Rbe1 f5 20. Nd4 c5 21. Ne2
Bg5 22. Rd3 Qb5 23. Qc2 cxb4 24. axb4 Be7 25. Qb1 Rab8 26. Rdd1 a5 27. Nd4 Qb6
28. bxa5 Qxa5 29. Qa1 Qb6 30. Rb1 Qc5 31. Rxb8 Rxb8 32. Nxe6 Qc6 33. Nd4 Qb6
34. Nxf5 Bc5 35. Rf1 Rb7 36. Qa8+ Kf7 37. Nd6+ 1-0

[Event "XXXI C.to Italiano seniores"]
[Site "Arvier ITA"]
[Date "2009.04.30"]
[Round "7"]
[White "Maestri, Roberto"]
[Black "Garvani, Vittorio"]
[Result "1-0"]
[WhiteElo "1570"]
[BlackElo "1971"]
[PlyCount "55"]
[EventDate "2009.04.24"]

1. e4 d6 2. d4 Nf6 3. Nc3 c6 4. Nf3 Bg4 5. Be2 e6 6. h3 Bxf3 7. Bxf3 d5 8. e5
Nfd7 9. Be3 c5 10. O-O a6 11. a4 cxd4 12. Bxd4 Nc6 13. Re1 Nxd4 14. Qxd4 Bc5
15. Qg4 O-O 16. b4 Ba7 17. Rad1 Rc8 18. Nxd5 exd5 19. Bxd5 Qb6 20. Rd2 Rc7 21.
e6 fxe6 22. Rxe6 Qxf2+ 23. Rxf2 Bxf2+ 24. Kh2 Kh8 25. Re7 g5 26. Rxd7 Rc3 27.
Be4 Bg3+ 28. Qxg3 1-0

[Event "XXXI C.to Italiano seniores"]
[Site "Arvier ITA"]
[Date "2009.04.30"]
[Round "7"]
[White "Oteri, Aldo"]
[Black "Acunzo, Domenico"]
[Result "1-0"]
[WhiteElo "1832"]
[BlackElo "1830"]
[PlyCount "101"]
[EventDate "2009.04.24"]

1. e4 e6 2. d4 d5 3. Nd2 c5 4. exd5 exd5 5. Bb5+ Nc6 6. Ngf3 Bd6 7. O-O Nge7 8.
dxc5 Bxc5 9. Nb3 Bb6 10. Bd3 O-O 11. c3 Qd6 12. Qc2 Ng6 13. h3 Re8 14. Bf5 Bxf5
15. Qxf5 Bc7 16. Qh5 Nf4 17. Bxf4 Qxf4 18. Rfe1 g6 19. Qg4 Qd6 20. Rad1 Ne5 21.
Nxe5 Rxe5 22. Rxe5 Qxe5 23. g3 Re8 24. Nd4 a6 25. Kg2 h5 26. Qf3 Rd8 27. a4 Rd6
28. Rd2 Rf6 29. Qe2 Qd6 30. h4 Qd7 31. b3 Bb6 32. Qe5 Bxd4 33. Qxd4 Qf5 34.
Qxd5 Qb1 35. Qxb7 Qe1 36. Qd5 Qc1 37. Qd8+ Kg7 38. Qd4 Qa3 39. Re2 Qxb3 40. Re4
Qb7 41. f3 Qc6 42. Rf4 Qe6 43. Qxf6+ Qxf6 44. Rxf6 Kxf6 45. Kf2 Ke5 46. Ke3 Kd5
47. Kd3 Kc5 48. c4 a5 49. g4 hxg4 50. fxg4 Kb4 51. h5 1-0

[Event "XXXI C.to Italiano seniores"]
[Site "Arvier ITA"]
[Date "2009.04.30"]
[Round "7"]
[White "Papa, Angelo"]
[Black "Incelli, Renato"]
[Result "1-0"]
[WhiteElo "1882"]
[BlackElo "1487"]
[PlyCount "55"]
[EventDate "2009.04.24"]

1. d4 Nf6 2. Nf3 g6 3. Nc3 Bg7 4. e4 d6 5. Be3 O-O 6. Qd2 Re8 7. O-O-O c6 8.
Bh6 b5 9. Kb1 a5 10. e5 Nd5 11. Nxd5 cxd5 12. Bxb5 Bd7 13. Bxd7 Qxd7 14. Rhe1
e6 15. h4 Nc6 16. h5 dxe5 17. Nxe5 Nxe5 18. dxe5 Qe7 19. f4 Rab8 20. hxg6 hxg6
21. Bg5 Qa3 22. b3 a4 23. Rh1 axb3 24. cxb3 Qb4 25. Qe3 Rec8 26. Rh8+ Kxh8 27.
Bf6 Kg8 28. Rh1 1-0

[Event "XXXI C.to Italiano seniores"]
[Site "Arvier ITA"]
[Date "2009.04.30"]
[Round "7"]
[White "Quagliarella, Sabino Remo"]
[Black "Tribuiani, Renato"]
[Result "0-1"]
[WhiteElo "1911"]
[BlackElo "2078"]
[PlyCount "116"]
[EventDate "2009.04.24"]

1. d4 d5 2. Nf3 e6 3. Nbd2 f5 4. e3 Bd6 5. Be2 Qf6 6. O-O Nh6 7. b3 O-O 8. c4
c6 9. Bb2 Nf7 10. Qc2 g5 11. Qc3 Nd7 12. g3 g4 13. Nh4 Ng5 14. f4 gxf3 15. Bxf3
Qg7 16. Bg2 Nf6 17. Qc2 Ng4 18. Rae1 Qh6 19. Ndf3 Nxf3+ 20. Rxf3 Nxh2 21. Kxh2
Qxh4+ 22. Bh3 Rf6 23. Qg2 Rg6 24. Rg1 Bd7 25. Kh1 Qe4 26. Bc3 Rh6 27. Be1 Rxh3+
28. Qxh3 Qxf3+ 29. Kh2 Be8 30. Qf1 Qxf1 31. Rxf1 Bh5 32. Kg2 dxc4 33. bxc4 Be2
34. Rf2 Bxc4 35. Rb2 b5 36. Kh3 a5 37. g4 fxg4+ 38. Kxg4 Kg7 39. e4 Bd3 40. Kf3
Bf1 41. Ke3 Rf8 42. e5 Ba3 43. Rc2 Bb4 44. Bh4 Bc4 45. Bf6+ Rxf6 46. exf6+ Kxf6
47. Rh2 a4 48. Ke4 h5 49. Rf2+ Kg5 50. Ke5 Kg4 51. Rg2+ Kh4 52. Rh2+ Kg3 53.
Rxh5 Bxa2 54. Ke4 Bb1+ 55. Ke3 a3 56. Rg5+ Kh4 57. Rg1 a2 58. Kf4 Bd6+ 0-1

[Event "XXXI C.to Italiano seniores"]
[Site "Arvier ITA"]
[Date "2009.04.30"]
[Round "7"]
[White "Rossi, Giampiero"]
[Black "Rosino, Antonio"]
[Result "0-1"]
[WhiteElo "1915"]
[BlackElo "2258"]
[PlyCount "78"]
[EventDate "2009.04.24"]

1. d4 Nf6 2. c4 g6 3. g3 Bg7 4. Bg2 d5 5. cxd5 Nxd5 6. e4 Nb4 7. d5 c6 8. Ne2
cxd5 9. exd5 Bf5 10. O-O O-O 11. Nbc3 N8a6 12. Bf4 Nc5 13. Qd2 Nbd3 14. Be3 Rc8
15. Nd4 Bd7 16. Nb3 b6 17. Nxc5 Nxc5 18. Bd4 e5 19. dxe6 Bxe6 20. Rfd1 Bg4 21.
f3 Bf5 22. Bxg7 Qxd2 23. Rxd2 Kxg7 24. Rad1 Rc7 25. Bf1 Be6 26. Kf2 Rfc8 27.
Nb5 Re7 28. Nc3 Rd7 29. Rxd7 Nxd7 30. f4 Nf6 31. h3 h5 32. a3 Bf5 33. Bg2 Rc4
34. Rd2 Be6 35. Ke3 Kf8 36. Rd4 Rc7 37. Rd2 Bc4 38. Nd5 Bxd5 39. Bxd5 Rd7 0-1

[Event "XXXI C.to Italiano seniores"]
[Site "Arvier ITA"]
[Date "2009.04.30"]
[Round "7"]
[White "Rotelli, Pietro"]
[Black "Pettarini, Renato"]
[Result "1-0"]
[WhiteElo "1970"]
[BlackElo "1738"]
[PlyCount "57"]
[EventDate "2009.04.24"]

1. d4 Nf6 2. c4 e6 3. Nf3 b6 4. g3 Bb7 5. Bg2 d5 6. O-O Nbd7 7. b3 Be7 8. Bb2
O-O 9. Nc3 Rc8 10. Ne5 c5 11. e3 Ba6 12. Re1 cxd4 13. exd4 dxc4 14. Nc6 Qe8 15.
bxc4 Nb8 16. Nxe7+ Qxe7 17. Bf1 Bxc4 18. Bxc4 Rxc4 19. d5 Rd8 20. Qb3 Rxc3 21.
Qxc3 Rxd5 22. Rad1 Rc5 23. Qd3 Qe8 24. Qf3 Nbd7 25. Qb7 Ra5 26. a3 h6 27. Qc7
Nd5 28. Qb7 Nc5 29. Qxd5 1-0